Chapman Library

Philosophy of religion (Record no. 2855)

000 -LEADER
fixed length control field 00265nam a22001097a 4500
050 ## - LIBRARY OF CONGRESS CALL NUMBER
Classification number BL 51 gal
100 ## - MAIN ENTRY--AUTHOR NAME
Personal name GALLOWAY, George
245 ## - TITLE STATEMENT
Title Philosophy of religion
260 ## - PUBLICATION, DISTRIBUTION, ETC. (IMPRINT)
Place of publication Edinburgh
Name of publisher T & T Clark
Year of publication 1960
500 ## - GENERAL NOTE
General note International Theological Library
942 ## - ADDED ENTRY ELEMENTS (KOHA)
Koha item type Books
Holdings
Koha item type Collection code Shelving location Accession Number Permanent Location Current Location Date acquired Full call number
BooksReferenceReference4791Chapman LibraryChapman Library2017-03-09BL 51 gal


CSUC Chapman Library is a Koha Automated Library.


Contact us: library@csuc.edu.gh.